中国城镇居民消费水平最高/低的省区 Provinces with hingest/lowest urban consumption - Statistics

General Stats
  • This quiz has been taken 81 times
  • The average score is 11 of 14
Answer Stats
城镇消费水平 % Correct
最多 5.75 上海
93%
最多 5.71 北京
92%
最多 3.87 浙江
92%
最少 2.06 西藏
90%
最多 4.59 江苏
90%
最多 3.73 广东
87%
最多 4.21 天津
84%
最少 2.23 甘肃
82%
最多 3.50 山东
74%
最少 2.30 四川
64%
最少 1.96 吉林
62%
最少 2.30 广西
62%
最少 2.08 河北
61%
最少 2.18 江西
30%
No matching quizzes found
Score Distribution
Percent of People with Each Score
Percentile by Number Answered
Your Score History
You have not taken this quiz